| 000 | 00850nam a2200229Ia 4500 | ||
|---|---|---|---|
| 001 | L900-39942 | ||
| 003 | IT-CnALBA | ||
| 008 | 170116s9999||||xx |||||||||||||| ||und|| | ||
| 040 |
_aIT-CnALBA _cIT-CnALBA |
||
| 041 | _aITALIANO | ||
| 100 | _aCANTU' CESARE | ||
| 245 | 0 | _aSTORIA UNIVERSALE. INDICI. | |
| 250 | _a3a ed. | ||
| 260 |
_a TORINO. _bPOMBA GIUSEPPE & C. _c1847 [1° Ed.: n.d.] |
||
| 300 | _a262 p. | ||
| 500 | _aINDICE ANALITICO CRONOLOGICO. STORIA UNIVERSALE. STORIA ANTICA. LA PERSIA. STORICI CLASSICI ED EBREI. | ||
| 501 | _aSocietà San Paolo EM - Piazza San Paolo, 14 - 12051 ALBA (CN) (non commercial uses only) ® Copyright 2017 | ||
| 520 | _aINDICE ANALITICO CRONOLOGICO. STORIA UNIVERSALE. STORIA ANTICA. LA PERSIA. STORICI CLASSICI ED EBREI. | ||
| 650 | _aSTORIA UNIVERSALE | ||
| 942 | _cBK | ||
| 957 | _71 | ||
| 999 |
_a44896 _bSI _g Copie: 1 _c298926 _d298926 |
||